Дело о выкупе земельных наделов временнообязанными крестьянами Н.В. Маслова села Никольского на дальней Сурене Козловского уезда...

Доступно только в Электронных читальных залах Найти на картеНа карте
RUSMARC
00004019nmc2a2200000 x 450
001bac26e42-844c-4cbe-89f8-52bbbaa8a81e
00520151127084744.0
100##$a20140411l18651866k l0rusy0189 ca
1010#$arus
102##$aRU
2001#$aДело о выкупе земельных наделов временнообязанными крестьянами Н.В. Маслова села Никольского на дальней Сурене Козловского уезда Тамбовской губернии
$j29 ноября 1865 г. - 17 марта 1866 г.
251##$cДело
300##$aДело
300##$aОриг. заголовок дела: Дело Маслова Н.В. Тамбовской губернии Козловского уезда села Никольского на дальней Сурене. 29 ноября 1865 г. - 17 марта 1866 г
801#0$aRU
$bРГИА
$c20140411
$gRCR
801#1$aRU
$bГлавНИВЦ
$c20140411
$2rusmarc
801#2$aRU
$bПБ им. Б.Н. Ельцина
$c20151127
$gRCR
$2rusmarc
850##$aРГИА
852##$aРГИА
$eФедеральное казенное учреждение "Российский государственный исторический архив" (РГИА)
$j944
937##$hРГИА
$d11105240
$aASBIBLIO_SCAN
462#0$10017c5e74c9-979b-46fc-b2dd-52a15592f082
$12001
$aДела Главного выкупного учреждения Министерства финансов по Тамбовской губернии
$1251
$cОпись
$1852
$j40
461#0$10018ef30ad5-ff5c-4840-a721-74c62a200f95
$12001
$aГлавное выкупное учреждение Министерства финансов (1861-1895)
$1251
$cФонд
$1852
$j577
215##$a21 л.
$d36,5х26 см
371##$aДокумент не является опубликованным и широко распространяемым
105##$ay###
1222#$ad
5171#$aДело Маслова Н.В. Тамбовской губернии Козловского уезда села Никольского на дальней Сурене. 29 ноября 1865 г. - 17 марта 1866 г.
035##$abac26e42-844c-4cbe-89f8-52bbbaa8a81e
Формат отображения